| 000 | 01888nam a2200421 i 4500 | ||
|---|---|---|---|
| 001 | 47410 | ||
| 003 | ES-MaACL | ||
| 005 | 20260316180541.0 | ||
| 007 | t| | ||
| 008 | 030414s1873 sp ||||1| spa d | ||
| 080 | _a821.112.2-14"18"(082.2) | ||
| 245 | 0 | 0 |
_aPoesías líricas alemanas de Heine, Uhland, Zedlitz, Rückert, Hoffmann, Platen, Hartmann y otros autores / _cvertidas en castellano por Jaime Clark. |
| 260 |
_aMadrid : _b[s.n.], _c1873 ( _fM. Rivadeneyra) |
||
| 300 |
_a187 p. ; _c15 cm. |
||
| 490 | 1 |
_aBiblioteca universal: colección de los mejores autores antiguos y modernos, nacionales y extranjeros ; _v6 |
|
| 505 | 8 | _aContiene poesías de: Carlos Beck, María Foerster, Julio de Rodemberg, J. G. Fischer, Jorge Herwegh, Nicolás Lenan, Wilhelm von Humboldt, Julio Sturm, Feodor Loewe, Julio Mosen, Mauricio Hartmann, Augusto de Platen, Hoffmann, Federico Ruckert, Enrique Heine, Ludwig Uhland | |
| 650 | 4 |
_aPoesías alemanas _916202 |
|
| 700 | 1 |
_aBeck, Carlos. _926919 |
|
| 700 | 1 |
_aFoerster, María. _951402 |
|
| 700 | 1 |
_aRodemberg, Julio de. _998111 |
|
| 700 | 1 |
_aFischer, J. G. _950999 |
|
| 700 | 1 |
_aHerwegh, Georg. _963434 |
|
| 700 | 1 |
_aLenan, Nicolás. _971508 |
|
| 700 | 1 |
_aHumboldt, Wilhelm von. _964716 |
|
| 700 | 1 |
_aSturm, Julius. _9108516 |
|
| 700 | 1 |
_aLoewe, Feodor. _973107 |
|
| 700 | 1 |
_aMosen, Julius. _983762 |
|
| 700 | 1 |
_aHartmann, Moritz. _961992 |
|
| 700 | 1 |
_aPlaten, August _c, Graf von. _992594 |
|
| 700 | 1 |
_aHoffmann, Ernst T. A. _d1776-1822 _9242917 |
|
| 700 | 1 |
_aRuckert, Friedrich. _9201063 |
|
| 700 | 1 |
_aHeine, Heinrich. _962371 |
|
| 700 | 1 |
_aUhland, Johann Ludwig, _d1787-1862 _9111908 |
|
| 700 | 1 |
_aClark, Jaime. _939036 |
|
| 830 | 1 | 0 |
_aBiblioteca universal. _pColección de los mejores autores antiguos y modernos, nacionales y extranjeros _v6 _9188447 |
| 852 | 4 |
_aES-MaACL _jT-200-F-3 |
|
| 999 |
_c47410 _d47410 |
||